APC Mentor in English Core XII (Record no. 11164)

MARC details
000 -LEADER
fixed length control field 00303nam a22000977a 4500
008 - FIXED-LENGTH DATA ELEMENTS--GENERAL INFORMATION
fixed length control field 180927b ||||| |||| 00| 0 eng d
020 ## - INTERNATIONAL STANDARD BOOK NUMBER
International Standard Book Number 9788170641186
100 ## - MAIN ENTRY--PERSONAL NAME
Personal name Arya Publication
9 (RLIN) 5805
245 ## - TITLE STATEMENT
Title APC Mentor in English Core XII
Remainder of title in Question and Answer Form
260 ## - PUBLICATION, DISTRIBUTION, ETC. (IMPRINT)
Place of publication, distribution, etc. New Delhi
Name of publisher, distributor, etc. Arya Publication
Date of publication, distribution, etc. 2018
Holdings
Withdrawn status Lost status Source of classification or shelving scheme Damaged status Koha normalized classification for sorting Not for loan Home library Current library Shelving location Date acquired Total Checkouts Full call number Barcode Date last seen Date last checked out Price effective from Koha item type
    Dewey Decimal Classification   CBS_420_000000000000000   Good Samaritan School Library Good Samaritan School Library English 09/27/2018 3 CBS420 CBS15157 09/15/2025 09/08/2025 09/27/2018 BOOK

Powered by Koha